Statistics for Worlds of Star Wars

Click here to take the quiz!

General Stats

  • This quiz has been taken 11 times
  • The average score is 20 of 45

Answer Stats

HintAnswer% Correct
Obi-Wan Kenobi watches over Luke Skywalker on this desert planet, where his family farms moisture. The local Mos Eisley Spaceport features a shady cantina, and the criminal kingpin Jabba the Hutt lives in a large palace surrounded by goons beyond a Dune Sea filled with Tusken Raiders and Jawas.Tatooine
100%
This metropolitan planet was the seat of power in the Galactic Republic. Both the Galactic Senate and the Jedi Temple could be found here.Coruscant
90%
This desert planet was home to an insectoid race of natives led by a Queen and an Archduke. It played host to the first battle of the Clone Wars and featured large factory for the production of battle-droids.Geonosis
90%
This watery planet was erased from the Jedi records until it was discovered by Obi-Wan Kenobi shortly before the beginning of the Clone Wars. It had vast facilities for the creation of cloned militaries and was known to produce unique saber-darts.Kamino
90%
This volcanic world served as the final base of operations for the leaders of the Separatist Alliance before they were killed at the end of the Clone Wars. It witnessed the first duel between Obi-Wan Kenobi and Darth Vader.Mustafar
90%
This planet was blockaded by the Trade Federation during the Valorum Chancellorship and was subsequently invaded. It was home to both humans, who lived on the surface, and Gunguns, who largely lived underwater.Naboo
90%
Bail Organa raised Princess Leia on this planet, which she describes as "peaceful" and having "no weapons" before it is destroyed by the first Death Star.Alderaan
80%
This swampy planet had no major cities or settlements but many large life-forms. Master Yoda spent his final years in hiding here, where he trained Luke Skywalker in the ways of the Jedi.Dagobah
80%
This forested moon was the location of the shield generator for the second Death Star. The native tribes of Ewoks that lived amongst the trees helped the Rebel Alliance to overcome a legion of the Emperor's best troops here.Endor
80%
This icy planet played host to the Rebel Alliance's Echo Base until it was destroyed by the Empire. Tauntauns were used to travel through its snowy landscapes, which were home to dangerous and powerful beasts known as Wampas.Hoth
80%
This tree-covered world was home to the Wookies. It came under attack by the Separatist Droid Army in the dying days of the Clone Wars. Master Yoda was present on this planet when Order 66 was executed, but escaped unharmed with the aid of Chewbacca.Kashyyyk
80%
Famous for ship-building, this planet's capital was a large urban centre named Coronet City. It was the homeworld of Han Solo.Corellia
70%
Once known as Galush, this jungle planet was a vital strategic asset, being set along the Perlemian Trade Route, and was fiercely contested throughout the Clone Wars. Aayla Secura was killed here during Order 66.Felucia
70%
This sinkhole-ridden planet served as the base for the Separatist Alliance during the later days of the Clone Wars, until they were ordered to move off-world by General Grievous following the rescue of Chancellor Palpatine. General Grievous was ultimately tracked to the planet and killed by Obi-Wan Kenobi.Utapau
70%
This gaseous planet was home to the mining colony of Cloud City, run by Lando Calrissian, an old acquaintance of Han Solo. It was here that Darth Vader laid his trap for Luke Skywalker and revealed the truth about his parentage.Bespin
60%
This planet was host to an abandoned base of the Rebel Alliance when Princess Leia was captured by Darth Vader and Grand Moff Tarkin. Leia claimed that the base was still active in an attempt to trick the Empire.Dantooine
60%
This mysterious and twisted planet of treacherous cliffs and poisonous vegetation is bathed in a blood-red light. The Nightsisters and Nightbrothers of the Zabrak are native to this world, as well as the infamous Rancors.Dathomir
60%
This desert planet was the site of one of the Galactic Empire's final battles. Following this, its surface was littered with wrecked Star Destroyers from which the locals salvaged valuable components to sell for rations.Jakku
60%
Once a site of utmost importance to the Jedi Order, this frigid and mountainous moon contained several kyber mines. The main urban centre of the moon was destroyed by Grand Moff Tarkin in an experiment to display the power of the first Death Star.Jedha
50%
Politically and economically vital for its exports of spice and coaxium, this seething planet is surrounded by a dangerous maelstrom that is all-but impossible to navigate. During the rule of the Galactic Empire, many Wookies were enslaved and sent to work the mines of this planet.Kessel
50%
The first Death Star was destroyed whilst attempting to obliterate a Rebel Alliance base on this jungle-covered moon. The moon is host to several ancient Sith Temples.Yavin IV
50%
This crystalline planet on the Corellian Run was the site of a major battle during the Clone Wars. It is on this planet that Anakin Skywalker first met Ahsoka Tano.Christophsis
40%
This snowy wasteland of a planet is one of the most sacred to the Jedi. Its kyber mines are the source of most saber crystals used by the Order.Ilum
40%
This frosty planet was rich in crystal minerals and, during the Clone Wars, was controlled by the InterGalactic Banking Clan. Ki Adi Mundi lost his life here during Order 66.Mygeeto
40%
This craggy planetoid served as the birthplace for Luke Skywalker and Leia Organa.Polis Massa
40%
This watery planet was home to several large and interconnected chains of tropical islands that were bordered by wide beaches. The mantle of the planet provided ample dense metals for the creation of spacecraft. The Rebel Alliance successfully stole the plans to the first Death Star from this planet, before its surface was ravaged by a blast from the space station's superlaser.Scarif
40%
This remote, forested planet was dotted with many lakes. Maz Kanata kept a castle here.Takodana
40%
This planet of mesas and sprawling wetlands is very little-explored by the residents of the galaxy. Native species include bog rats and the ferocious oggdos.Bogano
30%
This planet, important to the leadership of the Trade Federation, is known for having urban centres suspended between unique rock formations. Plo Koon is slain here during Order 66.Cato Neimoidia
30%
This flat and barren planet is covered in a layer of salt and red dust. Networks of trenches and caves cover its surface, and it is inhabited by crystal-like vulpine creatures.Crait
30%
This storm-prone planet was a centre for scientific research and development. Galen Erso conducted research into kyber crystals as part of the Death Star project on this planet.Eadu
30%
This planet is known for its remoteness and its raging seas. Several rocky islands rise out of the ocean and are inhabited by porgs, along with the native people.Ach-To
20%
This inhospitable planet of plains and thunderstorms was an industrial base during the Clone Wars. Following the rise of the Empire, it became dedicated to scrapyards and junkyards. Cal Kestis went into hiding here following Order 66.Bracca
20%
This green and temperate planet was the site of the Resistance base during the days of the New Republic. The base was abandoned shortly after the destruction of the First Order's Starkiller Base.D'Qar
20%
Once known as Circapous V, this mud-covered, swampy planet was the site of several battles fought by the Imperial Army. It was on this planet that Han Solo first met Chewbacca.Mimban
20%
This dark planet, obscured behind a swirling dust cloud, served as the base for several Imperial detention centres and labour camps during the earlier days of the Empire. Jyn Erso was saved from this planet before the capture of the plans for the first Death Star by the Rebel Alliance.Wobani
20%
This mountainous and watery planet was a site of archeological importance for those studying Force-attuned societies. It is home to the goat-like philliak and the monstrous jotaz.Zeffo
20%
This jungle planet is hidden in the depths of Wild Space. It is here that Asajj Ventress held Rotta the Huttlet captive.Teth
10%
This planet played host to a major casino that was closely connected with the arms trade. Its capital was named Canto Bight.Cantonica
0%
This barren and mountainous planet was home to the Imperial Academy at which Han Solo enrolled into the Imperial Army.Cardia
0%
This relatively temperate planet was predominantly home to farmers and existed far away from the major political conflicts of the galaxy. Galen Erso sought to hide on this planet following the end of his cooperation with the Death Star project.Lah'mu
0%
This sub-tropical planet is a hotbed of organised crime. It was on this planet that Han Solo won the Millenium Flacon from Lando Calrissian.Numidian Prime
0%
This dark and oceanic planet was home to the Fortress Inquisitoris during the reign of the Empire. It is here that Cal Kestis confronted Darth Vader.Nur
0%
This planet, split between vast oceans and large deserts, is the closest to the galaxy's spice and coaxium hub. Han Solo is forced to visit the planet whilst attempting to transport large amounts of unstable coaxium, and the crime syndicate known as the Crimson Dawn was active on the planet at the time.Savareen
0%
Inhabited by Kod'yok and Luftgriffs, this planet is cold and mountainous. Han Solo and Chewbacca attempt a heist to secure coaxium on this planet.Vandor
0%

Score Distribution

Percentile by Number Answered

Percent of People with Each Score

Your Score History

You have not taken this quiz